[Event "SVK-ch U18/20"]
[Site "Tatralandia"]
[Date "2025.05.14"]
[Round "5"]
[White "Sevcik, Matej"]
[Black "Sujan, Daniel"]
[Result "1-0"]
[WhiteElo "2088"]
[BlackElo "1874"]
[PlyCount "65"]
[EventDate "2025.05.11"]
[EventType "swiss"]
[EventRounds "9"]
[EventCountry "SVK"]
[SourceTitle "CB21_2025"]
[SourceDate "2025.05.21"]
[SourceVersion "1"]
[SourceVersionDate "2025.05.21"]
[SourceQuality "1"]

1. d4 Nf6 2. c4 e6 3. Nc3 d5 4. Bg5 Be7 5. Nf3 0-0 6. e3 h6 7. Bxf6 Bxf6 8. Rc1 c6 9. h4 g6 10. g4 Bg7 11. g5 h5 12. Qc2 Nd7 13. a3 Nb6 14. b4 Nxc4 15. Bxc4 dxc4 16. Ne5 Bxe5 17. dxe5 b5 18. Ne4 a5 19. Rd1 Qb6 20. 0-0 axb4 21. axb4 Kg7 22. Nc5 Rd8 23. Rd6 Bb7 24. Rfd1 Re8 25. Nxe6+ Rxe6 26. Rxe6 Ra2 27. Rxg6+ fxg6 28. Rd7+ Kf8 29. Qxg6 Ra1+ 30. Kh2 Rh1+ 31. Kg3 Rg1+ 32. Kf4 Rg4+ 33. Kf5 1-0

[Event "Kremnica op"]
[Site "Kremnica"]
[Date "2024.08.16"]
[Round "2"]
[White "Bielik, Jakub"]
[Black "Sujan, Daniel"]
[Result "1-0"]
[WhiteElo "2085"]
[BlackElo "1667"]
[PlyCount "107"]
[EventDate "2024.08.15"]
[EventType "swiss"]
[EventRounds "7"]
[EventCountry "SVK"]
[SourceTitle "CBM 221 Extra"]
[Source "ChessBase"]
[SourceDate "2024.09.30"]
[SourceVersion "1"]
[SourceVersionDate "2024.09.30"]
[SourceQuality "1"]

1. e4 e5 2. Nf3 Nc6 3. d4 exd4 4. Nxd4 Nf6 5. Nc3 Bb4 6. Nxc6 Bxc3+ 7. bxc3 bxc6 8. Bd3 h6 9. 0-0 d6 10. Bb2 Rb8 11. Rb1 Be6 12. c4 0-0 13. Qd2 d5 14. exd5 cxd5 15. cxd5 Bxd5 16. Qa5 Be6 17. Rfd1 Qe7 18. Ba3 Rxb1 19. Rxb1 c5 20. Bxc5 Qd8 21. Qxa7 Qa8 22. Qxa8 Rxa8 23. a3 Nd5 24. Bd6 Nc3 25. Rb8+ Rxb8 26. Bxb8 f6 27. Ba7 Kf7 28. Bd4 Nd5 29. g3 Ke8 30. Kf1 Kd7 31. Ke1 Kc6 32. Kd2 Nb6 33. Bxb6 Kxb6 34. Kc3 Kc5 35. a4 Bd5 36. a5 Bf3 37. a6 g5 38. Kd2 Kb6 39. Ke3 Bg4 40. Kd4 Bf3 41. c3 Bg2 42. Be4 Bh3 43. c4 h5 44. Bd3 h4 45. c5+ Kc6 46. Be4+ Kb5 47. Bb7 Ka5 48. c6 Kb6 49. Kd5 Bg2+ 50. Kd6 Bxc6 51. Bxc6 hxg3 52. fxg3 f5 53. h4 gxh4 54. gxh4 1-0

[Event "Kremnica op"]
[Site "Kremnica"]
[Date "2024.08.16"]
[Round "3"]
[White "Sujan, Daniel"]
[Black "Tekeli, Jozef1"]
[Result "1/2-1/2"]
[WhiteElo "1667"]
[BlackElo "1774"]
[PlyCount "40"]
[EventDate "2024.08.15"]
[EventType "swiss"]
[EventRounds "7"]
[EventCountry "SVK"]
[SourceTitle "CBM 221 Extra"]
[Source "ChessBase"]
[SourceDate "2024.09.30"]
[SourceVersion "1"]
[SourceVersionDate "2024.09.30"]
[SourceQuality "1"]

1. e4 e6 2. d4 d5 3. exd5 exd5 4. Bd3 Bd6 5. Nf3 Ne7 6. h3 Nbc6 7. c3 Bf5 8. Bxf5 Nxf5 9. Qe2+ Qe7 10. Qxe7+ Nfxe7 11. Nbd2 0-0 12. 0-0 Rfe8 13. Nb3 a5 14. a4 b6 15. Bd2 Ng6 16. Rfe1 f6 17. g3 Kf7 18. Kg2 Rxe1 19. Rxe1 Re8 20. Rxe8 Kxe8 1/2-1/2

[Event "Kremnica op"]
[Site "Kremnica"]
[Date "2024.08.15"]
[Round "1"]
[White "Sujan, Daniel"]
[Black "Ambrozi, Peter"]
[Result "1-0"]
[WhiteElo "1667"]
[BlackElo "1998"]
[PlyCount "65"]
[EventDate "2024.08.15"]
[EventType "swiss"]
[EventRounds "7"]
[EventCountry "SVK"]
[SourceTitle "CBM 221 Extra"]
[Source "ChessBase"]
[SourceDate "2024.09.30"]
[SourceVersion "1"]
[SourceVersionDate "2024.09.30"]
[SourceQuality "1"]

1. e4 c5 2. Nf3 Nc6 3. Bb5 e6 4. Bxc6 bxc6 5. b3 d6 6. Bb2 e5 7. d3 Nf6 8. h3 g6 9. Nbd2 Bg7 10. 0-0 0-0 11. Re1 Nh5 12. Nf1 Nf4 13. Ng3 f5 14. Ne2 fxe4 15. dxe4 Nxh3+ 16. Kf1 Ng5 17. Nxg5 Qxg5 18. Qxd6 Qh4 19. f3 Bh3 20. Ng1 Rad8 21. Qxc5 Rd2 22. Re2 Rxe2 23. Qc4+ Kh8 24. Qxe2 Be6 25. Rd1 Qe7 26. Qd2 c5 27. Qd6 Qxd6 28. Rxd6 Re8 29. c4 Bc8 30. Ba3 a5 31. Bxc5 a4 32. Bb6 axb3 33. axb3 1-0

[Event "SVK-ch U16"]
[Site "Tatralandia"]
[Date "2024.04.10"]
[Round "7"]
[White "Sujan, Daniel"]
[Black "Vida, Gergo1"]
[Result "0-1"]
[WhiteElo "1702"]
[BlackElo "1674"]
[PlyCount "102"]
[EventDate "2024.04.05"]
[EventType "swiss"]
[EventRounds "9"]
[EventCountry "SVK"]
[SourceTitle "CBM 219 Extra"]
[Source "ChessBase"]
[SourceDate "2024.05.31"]
[SourceVersion "1"]
[SourceVersionDate "2024.05.31"]
[SourceQuality "1"]

1. e4 c5 2. Nc3 g6 3. d4 cxd4 4. Qxd4 Nf6 5. Be3 Nc6 6. Qd2 Bg7 7. f3 a6 8. Bd3 b5 9. a3 Bb7 10. Bh6 0-0 11. Nge2 e6 12. Bxg7 Kxg7 13. 0-0 d5 14. exd5 Nxd5 15. Nxd5 Qxd5 16. Qc3+ Qe5 17. Be4 Qxc3 18. Nxc3 f5 19. Bxc6 Bxc6 20. Rad1 Rfd8 21. Rxd8 Rxd8 22. Rd1 Rxd1+ 23. Nxd1 Kf6 24. f4 e5 25. g3 exf4 26. gxf4 h6 27. h4 g5 28. hxg5+ hxg5 29. fxg5+ Kxg5 30. Kf2 Kf4 31. Ne3 Ke5 32. c4 f4 33. Ng4+ Kd4 34. cxb5 axb5 35. Ke2 Be4 36. a4 bxa4 37. Kd2 Kc4 38. Nf2 Bd5 39. Nh3 f3 40. Nf2 Kd4 41. Nh1 Be4 42. Nf2 Bf5 43. Nh1 Ke4 44. Ng3+ Kf4 45. Nxf5 Kxf5 46. Ke3 Kg4 47. Kf2 Kf4 48. Kf1 Ke3 49. Ke1 f2+ 50. Kf1 Kf3 51. b3 a3 0-1